.... Own your niche (Record no. 121120)

MARC details
000 -LEADER
fixed length control field 00535nas a22001577a 4500
001 - CONTROL NUMBER
control field K121120
007 - PHYSICAL DESCRIPTION FIXED FIELD--GENERAL INFORMATION
fixed length control field ta
008 - FIXED-LENGTH DATA ELEMENTS--GENERAL INFORMATION
fixed length control field 190930b2019 ||||| |||| 00| 0 eng d
041 ## - LANGUAGE CODE
Language code of text/sound track or separate title eng
245 ## - TITLE STATEMENT
Title .... Own your niche
260 ## - PUBLICATION INFORMATION
Date 2019
490 ## - SERIES TITLE
Series statement RICS Modus
Volume September 2019, 24-25(2)
520 ## - ABSTRACT
Abstract Discusses how consultancies working in small niche markets stay resilient in turbulent economic conditions by interviewing five property and construction consultants.
651 ## - SUBJECT ADDED ENTRY--GEOGRAPHIC NAME
Geographic name United Kingdom
690 ## - LOCAL SUBJECT ADDED ENTRY--TOPICAL TERM (OCLC, RLIN)
9 (RLIN) 6255
Topical term or geographic name as entry element Management consultancy
Holdings
Withdrawn status Lost status Source of classification or shelving scheme Damaged status Not for loan Home library Current library Shelving location Date acquired Total Checkouts Date last seen Price effective from Koha item type
    Dewey Decimal Classification     London London Gallery 30/09/2019   30/09/2019 30/09/2019 Journal article